Alle Länder des Japanischen Kaiserreichs - Statistiken

Allgemein
  • Dieses Quiz wurde 12 mal gespielt
  • Das Durchschnittsergebnis liegt bei 15 aus 21
Antwortstatistiken
Antwort % Korrekt
China
90%
Japan
90%
Nordkorea
90%
Russland
90%
Südkorea
90%
Taiwan
90%
Vietnam
90%
Indonesien
80%
Kambodscha
80%
Laos
80%
Mongolei
80%
Myanmar
80%
Philippinen
80%
Papua-Neuguinea
60%
Palau
50%
Salomonen
50%
USA
50%
Brunei
40%
Mikronesien
40%
Osttimor
40%
Marshallinseln
20%
Keine übereinstimmenden Quizze gefunden
Verteilung der Resultate
Anzahl Personen mit jedem Resultat
Perzentil nach korrekt beantworteten Fragen
Ihre Resultats-Entwicklung
Sie haben dieses Quiz noch nicht gespielt